000 00308nam a2200121Ia 4500
005 20251222144809.0
008 251222s9999||||xx |||||||||||||| ||spa||
082 _a287.4/E92P
100 _aEstepa Llaurens, José Manuel
245 0 _aPrimera Confesión y Primera Comunión
264 _bMarova
942 _cLIB
999 _c20035
_d20035